[Event "Asian Continental op 11th"]
[Site "Ho Chi Minh City"]
[Date "2012.05.12"]
[Round "8"]
[White "Farid, Firman Syah"]
[Black "Wang, Cheng"]
[Result "0-1"]
[WhiteElo "2285"]
[BlackElo "2482"]
[PlyCount "90"]
[EventDate "2012.05.05"]
[EventType "swiss"]
[EventRounds "9"]
[EventCountry "VIE"]
[SourceTitle "CBM 148 Extra"]
[Source "ChessBase"]
[SourceDate "2012.06.22"]
[SourceVersion "1"]
[SourceVersionDate "2012.06.22"]
[SourceQuality "1"]

1. e4 c5 2. Nf3 e6 3. d3 Nc6 4. g3 d5 5. Nbd2 Nf6 6. Bg2 Be7 7. 0-0 0-0 8. Re1 Rb8 9. Qe2 b5 10. e5 Nd7 11. Nf1 b4 12. h4 Re8 13. N1h2 Qb6 14. Ng4 c4 15. Be3 cxd3 16. cxd3 Qb5 17. h5 Ba6 18. Bf1 b3 19. h6 Qb4 20. Bh3 g6 21. axb3 Bb5 22. Qd1 Nc5 23. Bxc5 Qxc5 24. Qd2 Nd4 25. Qf4 Nf5 26. d4 Qc7 27. Ne3 Bd3 28. Bxf5 gxf5 29. Rec1 Qd7 30. Rc3 Be4 31. g4 Kh8 32. Ng5 Bd8 33. Nxe4 dxe4 34. gxf5 Rg8+ 35. Kh1 Qxd4 36. Rg1 Rxg1+ 37. Kxg1 Be7 38. Ng4 Rg8 39. Rg3 Bh4 40. fxe6 fxe6 41. Kg2 Qd8 42. Rh3 e3 43. Qe4 exf2 44. Rf3 Qd1 45. Rf4 Qg1+ 0-1

[Event "Asian Continental op 11th"]
[Site "Ho Chi Minh City"]
[Date "2012.05.07"]
[Round "3"]
[White "Wang, Cheng"]
[Black "Sethuraman, SP."]
[Result "0-1"]
[WhiteElo "2482"]
[BlackElo "2546"]
[PlyCount "94"]
[EventDate "2012.05.05"]
[EventType "swiss"]
[EventRounds "9"]
[EventCountry "VIE"]
[SourceTitle "CBM 148 Extra"]
[Source "ChessBase"]
[SourceDate "2012.06.22"]
[SourceVersion "1"]
[SourceVersionDate "2012.06.22"]
[SourceQuality "1"]

1. e4 c5 2. Nf3 d6 3. Bb5+ Nd7 4. 0-0 Ngf6 5. Re1 a6 6. Bxd7+ Nxd7 7. c3 e6 8. d4 Be7 9. a4 0-0 10. Bf4 b6 11. dxc5 Nxc5 12. b4 e5 13. bxc5 exf4 14. cxb6 Qxb6 15. Qd4 Rb8 16. Nbd2 Be6 17. e5 dxe5 18. Qxe5 Bf6 19. Qxf4 Bxc3 20. Rab1 Qd8 21. Rxb8 Qxb8 22. Qe3 Bb4 23. Ra1 h6 24. Ne4 Bf5 25. Ng3 Re8 26. Qd4 Be6 27. Rb1 a5 28. Nh5 f6 29. Rd1 Bf8 30. Nf4 Bf7 31. Nd5 Qb3 32. Rd3 Qb7 33. h4 Qc6 34. Nc3 Bb4 35. Nb5 Qc1+ 36. Kh2 Qc2 37. Nd6 Rd8 38. Qb6 Rxd6 39. Rxd6 Bxd6+ 40. Qxd6 Qxa4 41. Nd4 Qb4 42. Qd8+ Qf8 43. Qb6 a4 44. Qa7 a3 45. Nf5 a2 46. h5 Qe8 47. Ne7+ Qxe7 0-1

[Event "Asian Continental op 11th"]
[Site "Ho Chi Minh City"]
[Date "2012.05.05"]
[Round "1"]
[White "Wang, Cheng"]
[Black "Nguyen, Ngoc Truong Son"]
[Result "1/2-1/2"]
[WhiteElo "2482"]
[BlackElo "2656"]
[PlyCount "59"]
[EventDate "2012.05.05"]
[EventType "swiss"]
[EventRounds "9"]
[EventCountry "VIE"]
[SourceTitle "CBM 148 Extra"]
[Source "ChessBase"]
[SourceDate "2012.06.22"]
[SourceVersion "1"]
[SourceVersionDate "2012.06.22"]
[SourceQuality "1"]

1. e4 e6 2. d4 d5 3. exd5 exd5 4. Bd3 Nc6 5. c3 Nf6 6. Bf4 Bd6 7. Ne2 0-0 8. 0-0 Re8 9. Bxd6 Qxd6 10. Ng3 Ne7 11. Re1 Bg4 12. Qb3 Ng6 13. Nd2 Nf4 14. Qc2 h5 15. Nf5 Bxf5 16. Bxf5 g6 17. Bd3 Nxd3 18. Qxd3 Qb6 19. b3 Rxe1+ 20. Rxe1 Re8 21. Rxe8+ Nxe8 22. Qe3 Nf6 23. h3 Qc6 24. a4 Qe8 25. Qxe8+ Nxe8 26. g4 hxg4 27. hxg4 Kf8 28. Kg2 Ke7 29. Kf3 g5 30. Ke3 1/2-1/2

[Event "Asia-ch"]
[Site "Mashhad"]
[Date "2011.05.08"]
[Round "7"]
[White "Wang, Cheng"]
[Black "Hou, Yifan"]
[Result "1/2-1/2"]
[WhiteElo "2436"]
[BlackElo "2612"]
[PlyCount "73"]
[EventDate "2011.05.02"]
[EventType "swiss"]
[EventRounds "9"]
[EventCountry "IRI"]
[SourceTitle "CBM 142"]
[Source "ChessBase"]
[SourceDate "2011.05.17"]
[SourceVersion "1"]
[SourceVersionDate "2011.05.17"]
[SourceQuality "1"]

1. e4 c5 2. Nf3 d6 3. Bb5+ Bd7 4. Bxd7+ Qxd7 5. 0-0 Nf6 6. Re1 Nc6 7. b3 g6 8. Bb2 Bg7 9. c3 0-0 10. d4 cxd4 11. cxd4 d5 12. e5 Ne4 13. Nc3 f5 14. exf6 Nxc3 15. Bxc3 exf6 16. Qd3 Rae8 17. Rxe8 Rxe8 18. Re1 a6 19. Kf1 Kf7 20. Re3 Rxe3 21. fxe3 Bh6 22. Kf2 Qe6 23. Bd2 Qe4 24. Ke2 Bf8 25. Be1 Qg4 26. Kf1 Bd6 27. h3 Qe6 28. Ke2 Ne7 29. a4 Nf5 30. g4 Ne7 31. Kd1 h5 32. gxh5 Qxh3 33. hxg6+ Nxg6 34. Qe2 Qf5 35. Nd2 Bb4 36. e4 Qh3 37. exd5 1/2-1/2

[Event "Moscow Dvorkovich Cup U16 5th"]
[Site "Moscow"]
[Date "2010.07.08"]
[Round "14"]
[White "Wang, Cheng"]
[Black "Grigoryan, Karen H"]
[Result "1/2-1/2"]
[WhiteElo "2390"]
[BlackElo "2304"]
[PlyCount "77"]
[EventDate "2010.07.01"]
[EventType "team-tourn"]
[EventRounds "14"]
[EventCountry "RUS"]
[SourceTitle "CBM 137 Extra"]
[Source "ChessBase"]
[SourceDate "2010.09.01"]
[SourceVersion "1"]
[SourceVersionDate "2010.09.01"]
[SourceQuality "1"]

1. e4 c5 2. Nf3 d6 3. Bb5+ Bd7 4. Bxd7+ Qxd7 5. 0-0 Nc6 6. c3 Nf6 7. d4 Nxe4 8. d5 Ne5 9. Re1 Nxf3+ 10. Qxf3 Nf6 11. c4 0-0-0 12. Nc3 g6 13. a4 Qf5 14. Qxf5+ gxf5 15. Bg5 Ng8 16. Ne2 Bg7 17. Rab1 Bh6 18. Bh4 f4 19. f3 a5 20. Red1 b6 21. Be1 e5 22. dxe6 fxe6 23. Bc3 e5 24. Be1 Rd7 25. Nc3 Ne7 26. Nd5 Nxd5 27. Rxd5 Re8 28. Bc3 e4 29. Re1 e3 30. g4 fxg3 31. hxg3 Kc7 32. f4 Bg7 33. Rd3 Bxc3 34. Rxc3 Rde7 35. Kg2 Kc6 36. Kf3 e2 37. Rc2 Re3+ 38. Kf2 R8e4 39. Rexe2 1/2-1/2

[Event "Moscow Dvorkovich Cup U16 5th"]
[Site "Moscow"]
[Date "2010.07.05"]
[Round "7"]
[White "Wang, Cheng"]
[Black "Siwiec, Arkadiusz"]
[Result "1-0"]
[WhiteElo "2390"]
[BlackElo "2078"]
[PlyCount "99"]
[EventDate "2010.07.01"]
[EventType "team-tourn"]
[EventRounds "14"]
[EventCountry "RUS"]
[SourceTitle "CBM 137 Extra"]
[Source "ChessBase"]
[SourceDate "2010.09.01"]
[SourceVersion "1"]
[SourceVersionDate "2010.09.01"]
[SourceQuality "1"]

1. e4 c5 2. Nf3 d6 3. Bb5+ Nd7 4. 0-0 Ngf6 5. Re1 g6 6. c3 a6 7. Bxd7+ Nxd7 8. d4 Bg7 9. e5 dxe5 10. dxe5 Nf8 11. Qxd8+ Kxd8 12. c4 Nd7 13. e6 fxe6 14. Ng5 Nb6 15. Nf7+ Ke8 16. Nxh8 Bxh8 17. Nd2 e5 18. b3 e4 19. Rb1 e3 20. fxe3 Bf5 21. e4 Bd7 22. Bb2 Bxb2 23. Rxb2 Bc6 24. Nf3 Nd7 25. Rd2 a5 26. a4 Ra6 27. Rd3 Ra8 28. e5 Bxf3 29. gxf3 Ra6 30. Rd5 Rc6 31. e6 Nf8 32. Rde5 b6 33. h4 Rd6 34. Kg2 Rd3 35. R1e3 Rd4 36. Kg3 Rd1 37. h5 Rg1+ 38. Kh2 Rd1 39. hxg6 hxg6 40. Kg3 Rg1+ 41. Kf4 Rd1 42. Re1 Rd4+ 43. Kg5 Rd3 44. R5e3 Rd2 45. Rh1 Rg2+ 46. Kf4 Rd2 47. Rh8 Rg2 48. Re4 g5+ 49. Kf5 Rg1 50. Rg4 1-0

[Event "Moscow Dvorkovich Cup U16 5th"]
[Site "Moscow"]
[Date "2010.07.03"]
[Round "6"]
[White "Wang, Cheng"]
[Black "Bukavshin, Ivan"]
[Result "1/2-1/2"]
[WhiteElo "2390"]
[BlackElo "2427"]
[PlyCount "44"]
[EventDate "2010.07.01"]
[EventType "team-tourn"]
[EventRounds "14"]
[EventCountry "RUS"]
[SourceTitle "CBM 137 Extra"]
[Source "ChessBase"]
[SourceDate "2010.09.01"]
[SourceVersion "1"]
[SourceVersionDate "2010.09.01"]
[SourceQuality "1"]

1. e4 c5 2. Nf3 e6 3. b3 b6 4. d4 cxd4 5. Nxd4 Bb7 6. Bd3 Bc5 7. c3 Ne7 8. 0-0 Nbc6 9. Be3 Bxd4 10. cxd4 Nb4 11. Nc3 Nxd3 12. Qxd3 d5 13. e5 Qd7 14. Rac1 0-0 15. Rc2 Rac8 16. Rfc1 h6 17. Ne2 Rxc2 18. Rxc2 Rc8 19. Rxc8+ Qxc8 20. Qc3 Qxc3 21. Nxc3 Ba6 22. f3 Nc6 1/2-1/2

[Event "Moscow Dvorkovich Cup U16 5th"]
[Site "Moscow"]
[Date "2010.07.01"]
[Round "1"]
[White "Oparin, Grigoriy"]
[Black "Wang, Cheng"]
[Result "1/2-1/2"]
[WhiteElo "2362"]
[BlackElo "2390"]
[PlyCount "63"]
[EventDate "2010.07.01"]
[EventType "team-tourn"]
[EventRounds "14"]
[EventCountry "RUS"]
[SourceTitle "CBM 137 Extra"]
[Source "ChessBase"]
[SourceDate "2010.09.01"]
[SourceVersion "1"]
[SourceVersionDate "2010.09.01"]
[SourceQuality "1"]

1. e4 c5 2. Nf3 e6 3. d4 cxd4 4. Nxd4 Nc6 5. Nc3 Qc7 6. Be2 a6 7. 0-0 Nf6 8. Be3 Bb4 9. Na4 Bd6 10. g3 b5 11. Nb6 Rb8 12. Nxc8 Rxc8 13. a4 Nxd4 14. Bxd4 e5 15. Be3 Bc5 16. Bxc5 Qxc5 17. Bd3 Rb8 18. axb5 axb5 19. Ra5 Qb4 20. Qa1 0-0 21. Rd1 Qd4 22. b3 Qb4 23. c4 bxc4 24. Bxc4 Nxe4 25. Rxe5 Nd2 26. Rd5 Nxc4 27. bxc4 Qxc4 28. Rxd7 Rbe8 29. Qd4 Qxd4 30. R7xd4 Re7 31. Rd8 g6 32. Rxf8+ 1/2-1/2

[Event "Shandong zt 3.5"]
[Site "Shandong"]
[Date "2007.05.03"]
[Round "6"]
[White "Du, Shan"]
[Black "Wang, Cheng"]
[Result "0-1"]
[WhiteElo "2399"]
[BlackElo "2249"]
[PlyCount "124"]
[EventDate "2007.04.28"]
[EventType "swiss"]
[EventRounds "9"]
[EventCountry "CHN"]
[SourceTitle "CBM 118 Extra"]
[Source "ChessBase"]
[SourceDate "2007.07.04"]
[SourceVersion "1"]
[SourceVersionDate "2007.07.04"]
[SourceQuality "1"]

1. d4 d5 2. Nf3 Nf6 3. e3 g6 4. Bd3 Bg7 5. 0-0 0-0 6. Ne5 Ne4 7. c4 c6 8. Nc3 Nxc3 9. bxc3 Qa5 10. cxd5 Bxe5 11. dxe5 Qxc3 12. Rb1 Qxe5 13. dxc6 Nxc6 14. Bb2 Qd6 15. Qb3 Be6 16. Qc3 f6 17. Ba3 Qc7 18. Rb2 Rac8 19. Rc1 Rfd8 20. Bc4 Bxc4 21. Qxc4+ Kg7 22. Rbc2 Rd7 23. h4 Rcd8 24. Qg4 Rd5 25. Bb2 Qd7 26. Qxd7 R8xd7 27. Bc3 Rd1+ 28. Rxd1 Rxd1+ 29. Kh2 Kf7 30. Rb2 b6 31. Rc2 Nd8 32. a4 Rd5 33. Bb4 Ne6 34. g3 a5 35. Be1 Nc5 36. Rc4 Nd3 37. e4 Rc5 38. Rxc5 Nxc5 39. Kg2 Nxa4 40. Kf3 Nc5 41. Ke3 Ke6 42. Kd4 Kd6 43. f4 Kc6 44. f5 e5+ 45. Ke3 gxf5 46. exf5 Kd5 47. g4 Ne4 48. Kd3 h6 49. Ke3 Nd6 50. Kd3 a4 51. Bb4 b5 52. Ba3 Nc4 53. Bb4 a3 54. Bc3 a2 55. Ba1 b4 56. Kc2 Ne3+ 57. Kb3 Nxg4 58. Kxb4 Ke4 59. Kb3 Kxf5 60. Kxa2 Ke4 61. Kb1 Kd3 62. Kc1 Ke2 0-1